| 000 | 00693nam a22001817a 4500 | ||
|---|---|---|---|
| 003 | BD-DhUL | ||
| 005 | 20180102120119.0 | ||
| 008 | 161019s1929 bg |||| |||| 000 0 ben d | ||
| 040 |
_aBD-DhUL _cBD-DhUL |
||
| 082 |
_a891.443 _bSUP |
||
| 100 | 1 | _aভট্টাচার্য্য, সুরেন্দ্রমোহন। | |
| 245 | 1 |
_aপথের আলো / _cসুরেন্দ্রমোহন ভট্টাচার্য্য। |
|
| 260 |
_aকলিকাতা : _bরোবিন, _c১৯২৯। |
||
| 300 |
_a[২], ২৮৮ পৃ. ; _c১৮ সেমি. |
||
| 650 | 4 | _aবাংলা উপন্যাস | |
| 650 | 4 | _aBengali fiction | |
| 942 |
_2ddc _cBK |
||
| 999 |
_c236199 _d236199 |
||